Comuni della Brianza - Statistics

Statistiche generali
  • Questo quiz è stato fatto 21 volte
  • Il punteggio medio è 27 su 173
Statistiche sulle risposte
Comuni % Corretto
Monza
81%
Seregno
63%
Arcore
56%
Desio
56%
Lissone
56%
Erba
50%
Giussano
50%
Limbiate
50%
Carate Brianza
44%
Meda
44%
Muggiò
44%
Triuggio
44%
Cantù
38%
Cesano Maderno
38%
Verano Brianza
38%
Agrate Brianza
31%
Biassono
31%
Lazzate
31%
Lentate sul Seveso
31%
Lesmo
31%
Misinto
31%
Nova Milanese
31%
Seveso
31%
Veduggio con Colzano
31%
Vimercate
31%
Aicurzio
25%
Albiate
25%
Arosio
25%
Barlassina
25%
Barzanò
25%
Briosco
25%
Cabiate
25%
Castello di Brianza
25%
Ceriano Laghetto
25%
Cogliate
25%
Galbiate
25%
Missaglia
25%
Oggiono
25%
Olgiate Molgora
25%
Paderno Dugnano
25%
Renate
25%
Sovico
25%
Usmate Velate
25%
Airuno
19%
Annone di Brianza
19%
Bernareggio
19%
Besana in Brianza
19%
Bovisio Masciago
19%
Carugate
19%
Carugo
19%
Casatenovo
19%
Caslino d'Erba
19%
Cesana Brianza
19%
Civate
19%
Cornate d'Adda
19%
Costa Masnaga
19%
Lurago d'Erba
19%
Malgrate
19%
Mariano Comense
19%
Montevecchia
19%
Monticello Brianza
19%
Olginate
19%
Ronco Briantino
19%
Valmadrera
19%
Varedo
19%
Vedano al Lambro
19%
Asso
13%
Barzago
13%
Bellusco
13%
Bosisio Parini
13%
Bulciago
13%
Canzo
13%
Carimate
13%
Carnate
13%
Cavenago di Brianza
13%
Cernusco Lombardone
13%
Concorezzo
13%
Cucciago
13%
Dolzago
13%
Eupilio
13%
Garbagnate Monastero
13%
Garlate
13%
Gorgonzola
13%
Inverigo
13%
Lambrugo
13%
Macherio
13%
Merate
13%
Merone
13%
Molteno
13%
Monguzzo
13%
Novedrate
13%
Ornago
13%
Paderno d'Adda
13%
Pescate
13%
Roncello
13%
Sirtori
13%
Sulbiate
13%
Verderio
13%
Viganò
13%
Vignate
13%
Albavilla
6%
Albese con Cassano
6%
Alserio
6%
Alzate Brianza
6%
Anzano del Parco
6%
Barni
6%
Bellinzago
6%
Brenna
6%
Brivio
6%
Burago di Molgora
6%
Busnago
6%
Bussero
6%
Caglio
6%
Cambiago
6%
Camparada
6%
Caponago
6%
Casnate con Bernate
6%
Cassago Brianza
6%
Cassano d'Adda
6%
Cassina de' Pecchi
6%
Castelmarte
6%
Cermenate
6%
Colle Brianza
6%
Correzzana
6%
Cremella
6%
Ello
6%
Figino Serenza
6%
Fino Mornasco
6%
Imbersago
6%
Inzago
6%
La Valletta Brianza
6%
Lipomo
6%
Magreglio
6%
Mezzago
6%
Montorfano
6%
Nibionno
6%
Orsenigo
6%
Osnago
6%
Pessano con Bornago
6%
Ponte Lambro
6%
Pusiano
6%
Rezzago
6%
Rogeno
6%
Santa Maria Hoè
6%
Sirone
6%
Solaro
6%
Sormano
6%
Suello
6%
Trezzo sull'Adda
6%
Valbrona
6%
Vertemate con Minoprio
6%
Basiano
0%
Calco
0%
Capiago Intimiano
0%
Cernusco Asinario (Cernusco sul Naviglio)
0%
Gessate
0%
Grezzago
0%
Lasnigo
0%
Lomagna
0%
Longone al Segrino
0%
Luisago
0%
Masate
0%
Onno (Oliveto Lario)
0%
Pozzo d'Adda
0%
Pozzuolo Martesana
0%
Proserpio
0%
Robbiate
0%
Senna Comasco
0%
Tavernerio
0%
Trezzano Rosa
0%
Valgreghentino
0%
Vaprio d'Adda
0%
Nessun quiz corrispondente trovato
Distribuzione punteggi
Percentuale di utenti per punteggio
Percentile per numero di risposta
I tuoi punteggi nel tempo
Non hai fatto questo quiz